| 000 | 00000nam##2200000za#4500 |
| 001 | 9.611057 |
| 003 | CaOODSP |
| 005 | 20210929082755 |
| 007 | ta |
| 008 | 150406|1994||||xxc||||| f|0| 0 eng|d |
| 020 | |a0-662-21581-8 |
| 040 | |aCaOODSP|beng |
| 043 | |an-cn--- |
| 086 | 1 |aFo29-6/75-1994E |
| 110 | 1 |aCanada. |bNatural Resources Canada. |bCanadian Forest Service. |
| 245 | 10|aGypsy moth / |cby L. Humble and A. J. Stewart. |
| 260 | |aVictoria - British Columbia : |bNatural Resources Canada. |c1994. |
| 300 | |a8p. : |bcoloured figs., references, table ; |c28 cm. |
| 490 | 1 |aForest pest leaflet|v75 |
| 690 | 07|aInsects|2gcpds |
| 720 | 1 |aHumble, L. |
| 720 | 1 |aStewart, A. J. |
| 776 | 0#|tGypsy moth / |w(CaOODSP)9.573504 |
| 830 | #0|aForest pest leaflet ;|v75|w(CaOODSP)9.514653 |